Statistiques concernant Questions sur la saga Mario et Luigi

Cliquez ici pour prendre le quiz!

Statistiques générales

  • Ce quiz a été pris 62 fois
  • Le résultat moyen est 7 sur 15

Statistiques - réponses

QuestionRéponse% Correct
Quel est le nom des 3 membres du trio d'élites ?Parapounet, Maskou, Goomby
74%
Dans Superstar Saga, quel est le surnom de l'associé de Pargne ?Le Bleu
72%
Dans Voyage au centre de Bowser, que nous donne Charlie Bloc après l'avoir sauvé ?L'Aspirobloc
67%
Dans Superstar Saga, comment s'appelle le prince de Végésia ?Harik
63%
Dans Superstar Saga, quelle est la particularité du combat contre l'âme de Graguémona ?On commence le combat avec 1 PV
63%
Dans Dream Team Bros, qui est le 3ème Boss Titan ?Morphinger
61%
Dans Paper Jam Bros, quelle est la particularité du combat contre le Roi Bob-omb ?Il y a un chronomètre
52%
Dans Voyage au centre de Bowser, comment s'appelle le fantôme du moulin ?Ronfloski
52%
Dans Les frères du Temps, quel est le nom de la machine fabriquée par le professeur Karl Tastroff pour éteindre le volcan ?Hydroflot 4000
48%
Dans Les Frères du Temps, combien y a-t-il de combats en vaisseau spatial ?2
41%
Quel est le dernier combat dans Les Frères du Temps ?Xhowser
41%
Dans Dream Team Bros, quel est le nombre total de Koussinos à sauver sans compter Tédibert ?52
35%
Dans Paper Jam Bros, quel Titancarton combattons-nous la première fois que l'on rentre dans le Château de Bowser ?Roi Boo
30%
Dans Dream Team Bros, pendant le combat contre Antasma, quel effet ont les "cochoneries" qu'il peut invoquer et manger ?Augmenter son attaque
28%
Dans Paper Jam Bros, quelle est la première attaque frères apprise par Luigi ?Fleur de feu
20%

Distribution des résultats

Percentile par nombre de réponses

% des personnes avec chaque résultat

Votre développement - résultats

Vous n’avez pas pris ce quiz